Szczegóły MARC21

Epidemia smartfonów : czy jest zagrożeniem dla zdrowia, edukacji i społeczeństwa? /

003 -Nazwa inst., której nr kontr. jest w polu 001 [,]
    • @
    • Nazwa instytucji, której n kontrolny jest w polu 001
    • NUKAT
005 -DATA I CZAS OSTATNIEJ MODYFIKACJI [,]
    • @
    • pole kontrolne
    • 20260427125937.0
020 -Międzynarod. znormalizowany nr książki - ISBN [ , ]
    • a
    • Numer ISBN
    • 9788366473232 Find
    • q
    • Dopowiedzenie
    • (oprawa miękka) :
    • c
    • Terms of availability
    • zł 44,90
040 -Instytucja sporządzająca opis [ , ]
    • a
    • Instytucja, która sporządziła opis (NP)
    • OLSZT 003/BK
    • b
    • Język katalogowania
    • pol
    • e
    • Zasady katalogowania
    • rda
    • c
    • Instytucja, która sporządziła rekord (NP)
    • OLSZT 003/BKs
    • d
    • Instytucja, która zmodyfikowała rekord (P)
    • WA 004/kj
    • d
    • Instytucja, która zmodyfikowała rekord (P)
    • WR 56/ms
041 -Język dokumentu [1, ]
    • a
    • Język tekstu (P)
    • polski
    • h
    • Język tekstu oryginalnego i/lub pośredniego (P)
    • niemiecki
942 -Rodzaj dokumentu [ , ]
    • c
    • Rodzaj dokumentu
    • Książka
100 -Hasło główne - nazwa osobowa [1, ]
    • a
    • Nazwa osobowa (NP)
    • Spitzer, Manfred
    • d
    • Daty biograficzne (NP)
    • (1958- ).
    • e
    • Rodzaj współpracy
    • Autor
    • 9
    • KHW
    • 68085
240 -Tytuł ujednolicony [1,0]
    • a
    • Tytuł ujednolicony
    • Smartphone-Epidemie
    • l
    • Język tekstu
    • (pol.)
    • 9
    • KHW
    • 591639
245 -Strefa tytułu i oznaczenia odpowiedzialności [1,0]
    • a
    • Tytuł
    • Epidemia smartfonów : Find
    • b
    • Ciąg dalszy tytułu (NP)
    • czy jest zagrożeniem dla zdrowia, edukacji i społeczeństwa? / Find
    • c
    • Pozostałe elementy strefy tytułu i oznaczenia odpowiedzialności (NP)
    • Manfred Spitzer ; przełożyła Małgorzata Guzowska.
260 -Strefa adresu wydawniczego [ , ]
    • a
    • Miejsce wydania (P)
    • Słupsk ;
    • a
    • Miejsce wydania (P)
    • Warszawa :
    • b
    • Nazwa wydawcy (P)
    • Dobra Literatura,
    • c
    • Data wydania (P)
    • 2021.
300 -Strefa opisu fizycznego [ , ]
    • a
    • Określenie formy książki i/lub objętość (NP)
    • 335 stron :
    • b
    • Oznaczenie ilustracji (NP)
    • ilustracje ;
    • c
    • Format (NP)
    • 21 cm.
336 -Typ zawartości [ , ]
    • a
    • Termin opisujący typ zawartości
    • Tekst
    • b
    • Kod określający zawartość
    • txt
    • 2
    • Źródło (terminu i kodu)
    • rdacontent
337 -Typ mediów [ , ]
    • a
    • Tryb odtwarzania
    • Bez urządzenia pośredniczącego
    • b
    • Kod typu mediów
    • n
    • 2
    • Źródło (terminu i kodu)
    • rdamedia
338 -Typ/rodzaj nośnika [ , ]
    • a
    • Hasło opisujące typ nośnika
    • Wolumin
    • b
    • Kod typu nośnika
    • nc
    • 2
    • Źródło (terminu i kodu)
    • rdacarrier
380 -Deskryptor - Forma dzieła (P) [ , ]
    • a
    • forma dzieła (NP)
    • Książki
380 -Deskryptor - Forma dzieła (P) [ , ]
    • a
    • forma dzieła (NP)
    • Publikacje popularnonaukowe
388 -Deskryptor - czas powstania dzieła (P) [1, ]
    • a
    • Czas powstania dzieła (NP)
    • 2001-
490 -Strefa serii i książki wielotomowej - forma nie do wyszukiwania [1, ]
    • a
    • Tytuł (P)
    • Kontrasty i Kontrowersje Find
830 -Hasło dodatkowe serii i opisu książki wielotomowej - tytuł ujednolicony/tytuł [ ,0]
    • a
    • Tytuł ujednolicony/tytuł (NP)
    • Kontrasty i Kontrowersje
    • 9
    • KHW
    • 46799
500 -Uwaga ogólna [ , ]
    • a
    • Uwaga ogólna (NP)
    • Tytuł oryginału: Die Smartphone-Epidemie : Gefahren für Gesundheit, Bildung und Gesellschaft.
504 -Uwaga dot. bibliogr. załącznikowej [ , ]
    • a
    • Uwaga dot. bibliografii załącznikowej
    • Bibliografia na stronach 285-333.
648 -Hasło przedmiotowe - chronologia [ ,7]
    • a
    • Deskryptor chronologiczny
    • 2001-
    • 2
    • Źródło terminu
    • DBN
    • 9
    • KHW
    • 721449
650 -Hasło przedmiotowe [ ,7]
    • a
    • Hasło przedmiotowe
    • Fonoholizm
    • 2
    • Źródło terminu
    • DBN
    • 9
    • KHW
    • 727763
650 -Hasło przedmiotowe [ ,7]
    • a
    • Hasło przedmiotowe
    • Smartfon
    • 2
    • Źródło terminu
    • DBN
650 -Hasło przedmiotowe [ ,7]
    • a
    • Hasło przedmiotowe
    • Środki masowego przekazu
    • 2
    • Źródło terminu
    • DBN
    • 9
    • KHW
    • 721820
650 -Hasło przedmiotowe [ ,7]
    • a
    • Hasło przedmiotowe
    • Uzależnienia medialne
    • 2
    • Źródło terminu
    • DBN
    • 9
    • KHW
    • 734474
650 -Hasło przedmiotowe [ ,7]
    • a
    • Hasło przedmiotowe
    • Internet
    • x
    • Określnik rzeczowy
    • aspekt społeczny.
    • 2
    • Źródło terminu
    • kaba
    • 9
    • KHW
    • 112242
650 -Hasło przedmiotowe [ ,7]
    • a
    • Hasło przedmiotowe
    • Telefonia komórkowa
    • x
    • Określnik rzeczowy
    • aspekt społeczny.
    • 2
    • Źródło terminu
    • kaba
    • 9
    • KHW
    • 367957
650 -Hasło przedmiotowe [ ,7]
    • a
    • Hasło przedmiotowe
    • Fonoholizm.
    • 2
    • Źródło terminu
    • kaba
    • 9
    • KHW
    • 550330
650 -Hasło przedmiotowe [ ,7]
    • a
    • Hasło przedmiotowe
    • Radiokomunikacja ruchoma
    • x
    • Określnik rzeczowy
    • aspekt społeczny.
    • 2
    • Źródło terminu
    • kaba
    • 9
    • KHW
    • 591715
650 -Hasło przedmiotowe [ ,7]
    • a
    • Hasło przedmiotowe
    • Kompulsja (psychologia).
    • 2
    • Źródło terminu
    • kaba
    • 9
    • KHW
    • 114834
650 -Hasło przedmiotowe [ ,7]
    • a
    • Hasło przedmiotowe
    • Przetwarzanie bez granic.
    • 2
    • Źródło terminu
    • kaba
    • 9
    • KHW
    • 196838
651 -Hasło przedmiotowe w formie nazwy geograficznej [ ,7]
    • a
    • Nazwa geograficzna
    • Polska
    • 2
    • Źródło terminu
    • DBN
    • 9
    • KHW
    • 721438
655 -Hasło w funkcji tematu formalnego [ ,7]
    • a
    • Hasło
    • Opracowanie
    • 2
    • Źródło terminu
    • DBN
    • 9
    • KHW
    • 721206
658 -Ujęcie treści [ , ]
    • a
    • dziedzina nauki i sztuki/ sfera aktywności życiowej
    • Media i komunikacja społeczna
700 -Hasło dodatkowe - nazwa osobowa [1, ]
    • a
    • Nazwa osobowa (NP)
    • Guzowska-Dąbrowska, Małgorzata. Find
    • e
    • Określenie rodzaju współpracy
    • Tłumaczenie
    • 9
    • KHW
    • 19213
710 -Hasło dodatkowe - nazwa ciała zbiorowego [2, ]
    • a
    • Nazwa ciała zbiorowego lub nazwa geograficzna jako pierwszy element (NP)
    • Grupa Wydawnicza Literatura Inspiruje.
    • e
    • Rodzaj współpracy
    • Wydawca
    • 4
    • Kod relacji
    • pbl
    • 9
    • KHW
    • 419558
856 -Dostęp do wersji elektronicznej [4,8]
    • 3
    • Wyszczególnienie materiału
    • Okładka
920 -ISBN [ , ]
    • a
    • ISBN
    • 978-83-66473-23-2 (oprawa miękka) : zł 44,90 Find
Numer inwentarzowy Status udost. Lokalizacja Data inwentaryzacji
WM.25934-3BG2021-03-25
WM.25935-3BG2021-03-25
H.353671BNS2021-03-26
HM.38-3BNS2021-03-26